| 000 | 00000nam 2200000zi 4500 |
| 001 | 9.954318 |
| 003 | CaOODSP |
| 005 | 20250820123424 |
| 006 | m o d f |
| 007 | cr mn||||||||| |
| 008 | 250820e20250819onc ob f000 0 eng d |
| 040 | |aCaOODSP|beng|erda|cCaOODSP |
| 043 | |an-cn--- |
| 086 | 1 |aH113-24/2025-16E-PDF |
| 245 | 00|aInpyrfluxam. |
| 264 | 1|aOttawa, Ontario : |bPest Management Regulatory Agency, Health Canada, |c19 August 2025. |
| 264 | 4|c©2025 |
| 300 | |a1 online resource (6 pages). |
| 336 | |atext|btxt|2rdacontent |
| 337 | |acomputer|bc|2rdamedia |
| 338 | |aonline resource|bcr|2rdacarrier |
| 490 | 1 |aProposed maximum residue limit, |x1925-0843 ; |vPMRL2025-16 |
| 500 | |aCover title. |
| 500 | |aIssued also in French under title: Inpyrfluxame. |
| 504 | |aIncludes bibliographical references (page 6). |
| 520 | |a"Maximum residue limits (MRLs) are being proposed for the pesticide inpyrfluxam, as part of the following application for Canadian use, submitted by Valent Canada Inc. under submission number 2023-6459. Under the authority of the Pest Control Products Act, Health Canada's Pest Management Regulatory Agency (PMRA) is proposing acceptability of the requested application to add various commodities to the product label of S-2399 SC Master Fungicide containing technical grade inpyrfluxam to control or suppress certain fungal diseases from a foliar/in-furrow use. The specific uses approved in Canada are detailed on this product label, Pest Control Products Act Registration Number 34520"--Purpose of consultation, page 1. |
| 650 | 0|aFungicides|xCertification|zCanada. |
| 650 | 0|aInsecticides|xCertification|zCanada. |
| 650 | 0|aPesticide residues in food|xStandards|zCanada. |
| 710 | 1 |aCanada. |bPest Management Regulatory Agency, |eissuing body. |
| 775 | 08|tInpyrfluxame.|w(CaOODSP)9.954320 |
| 830 | #0|aProposed maximum residue limit,|x1925-0843 ; |vPMRL2025-16.|w(CaOODSP)9.505147 |
| 856 | 40|qPDF|s300 KB|uhttps://publications.gc.ca/collections/collection_2025/sc-hc/h113-24/H113-24-2025-16-eng.pdf |
| 856 | 4 |qHTML|sN/A|uhttps://www.canada.ca/en/health-canada/services/consumer-product-safety/pesticides-pest-management/public/consultations/proposed-maximum-residue-limit/2025/inpyrfluxam/document.html |